000 01360nam a2200349 c 4500
999 _c57686
_d57686
003 BLK
005 20240716005334.0
008 180408b bul|||||r ||||||| ||bul||
010 _aKNG00061693000
040 _aBLK
041 _aBUL
_cBUL
080 _aАнглийска литература
_b821.111
_x.09(092)
_z821.111.09(092)
080 _aАнглийски драматург и поет
_b929 Шекспир, Уилям
_z929 Шекспир, Уилям
100 _aТенев, Любомир Димов
_d1915-1993
_gТеатрален теоретик и критик.
_9270635
139 _aТенев, Любомир Димов
_bШ 50
245 1 0 _aХамлет
_bЛитературнокрит. анализ
_cЛюбомир Димов Тенев.
257 _aBGR
260 _bНаука и изкуство
_c1965
300 _a220 с.
_c20 см
380 _a82
650 4 _aАнглийска литература - теми, образи, сюжети
_9255660
653 _aанглийска литература
653 _aУилям Шекспир
653 _aХамлет
852 _aЦб 29363
856 4 _qpdf
856 4 _qpdf
942 _cKNG
_n0
_s1
944 _aCR
_c13.06.2004
_k
_lCRON CRON
944 _aED
_c26.02.2016
_kВиолета_Тройчева
999 _d57686